|
|
|
|
| LEADER |
00995nab a2200241 i 4500 |
| 001 |
misc65705 |
| 005 |
20231019141624.0 |
| 008 |
230609s1961 hu o 0|| ger d |
| 040 |
|
|
|a SZTE Miscellanea Repozitórium
|b hun
|
| 041 |
|
|
|a ger
|
| 100 |
1 |
|
|a Rypka Jan
|
| 245 |
1 |
0 |
|a Levy, Reuben
|h [elektronikus dokumentum] :
|b The tales of Marzuban. Transl. from the Persian. London : Thames and Hudson, 1959 : Buchbesprechung /
|c Rypka Jan
|
| 260 |
|
|
|a [Akademie Verlag]
|b [Berlin]
|c 1961
|
| 300 |
|
|
|a 621-625
|c 30 cm
|
| 300 |
|
|
|a [5] h.
|c 30 cm
|
| 490 |
0 |
|
|a Orientalistische Literaturzeitung : Monatschrift für die Wissenschaft vom ganzen Orient und seinen Beziehungen zu den angrenzenden Kulturkreisen
|
| 561 |
|
|
|a Németh Gyula hagyaték
|
| 591 |
|
|
|a NOP 4975; LOP 3302
|
| 650 |
|
4 |
|a Bölcsészettudományok
|
| 650 |
|
4 |
|a Nyelvek és irodalom
|
| 695 |
|
|
|a Perzsa irodalom - könyvismertetés
|
| 700 |
0 |
1 |
|a Levy Reuben
|
| 856 |
4 |
0 |
|u http://misc.bibl.u-szeged.hu/65705/1/4975_nop.pdf
|z Dokumentum-elérés
|